Latin American Foods by Picture - Statistics

General Stats
  • This quiz has been taken 94 times
  • The average score is 7 of 18
Answer Stats
Picture Hint Answer % Correct
Origin: Mexican Taco
100%
Origin: Spanish (popular in South America) Empanada
87%
Origin: French (popular in Mexico) Flan
71%
Origin: Mexican Tamale
66%
Origin: Peruvian Ceviche
57%
Origin: Mexican or Nicaraguan Tres Leches cake
48%
Origin: Jamaican Jerk chicken
45%
Origin: Peruvian Cuy
43%
Origin: Mexican Enchilada
42%
Origin: Argentinian Asado
32%
Origin: American/Mexican Chimichanga
29%
Origin: Argentinian Choripán
26%
Origin: Brazilian Feijoada
25%
Origin: Colombian Bandeja paisa
21%
Origin: Brazilian Churrasco
21%
Origin: Puerto Rican Mofongo
17%
Origin: Puerto Rican Pernil
8%
Origin: Puerto Rican/Dominican Pasteles
5%
No matching quizzes found
Score Distribution
Percent of People with Each Score
Percentile by Number Answered
Your Score History
You have not taken this quiz